| Tag |
First Indicator |
Second Indicator |
Subfields |
| LEADER |
00000cam a2200000 a 4500 |
| 001 |
in00000006392 |
| 005 |
20151002050030.0 |
| 008 |
991018s1999 dcu b f000 0 eng d |
| 020 |
|
|
|a 0160501520 :
|c subscription
|
| 035 |
|
|
|a (OCoLC)42654489
|
| 035 |
|
|
|9 AJL6316AM
|
| 040 |
|
|
|d GPO
|d DLC
|d MvI
|d UtOrBLW
|
| 043 |
|
|
|a n-us---
|
| 049 |
|
|
|a UDOC
|
| 074 |
|
|
|a 0461-D-05
|
| 086 |
0 |
|
|a ED 1.302:M 32/999
|
| 088 |
|
|
|a PLLI 1999-8024
|
| 090 |
|
|
|a LB2361.5
|b .A34 1999
|
| 100 |
1 |
|
|a Adelman, Clifford.
|
| 245 |
1 |
4 |
|a The new college course map and transcript files :
|b changes in course-taking and achievement, 1972-1993 : based on the postsecondary records from two national longitudinal studies /
|c Clifford Adelman.
|
| 250 |
|
|
|a 2nd ed.
|
| 264 |
|
1 |
|a [Washington, D.C.] :
|b U.S. Dept. of Education, Office of Educational Research and Improvement :
|c 1999.
|
| 264 |
|
2 |
|a [Washington, D.C.] :
|b For sale by the Supt. of Docs., U.S. G.P.O.,
|
| 300 |
|
|
|a ix, 214 pages ;
|c 28 cm.
|
| 336 |
|
|
|a text
|b txt
|2 rdacontent
|
| 337 |
|
|
|a unmediated
|b n
|2 rdamedia
|
| 338 |
|
|
|a volume
|b nc
|2 rdacarrier
|
| 500 |
|
|
|a Shipping list number: 2000-0028-P.
|
| 500 |
|
|
|a "September 1999"--Title page verso.
|
| 500 |
|
|
|a Shipping List #: 2000-0028-P
|
| 500 |
|
|
|a Shipping List Date: 10/29/1999
|
| 504 |
|
|
|a Includes bibliographical references (pages 212-214).
|
| 500 |
|
|
|a "PLLI 1999-8024"--P. [4] of cover.
|
| 650 |
|
0 |
|a Universities and colleges
|x Curricula
|z United States
|x Longitudinal studies.
|
| 650 |
|
0 |
|a Education, Higher
|z United States
|v Longitudinal studies.
|
| 650 |
|
0 |
|a Academic achievement
|z United States
|v Longitudinal studies.
|
| 650 |
|
0 |
|a College students
|z United States
|v Longitudinal studies.
|
| 710 |
1 |
|
|a United States.
|b Office of Educational Research and Improvement.
|
| 999 |
|
|
|a MARS
|
| 999 |
f |
f |
|s 1c1bf6ec-6ad1-37a1-b4ea-40bb04ab38bc
|i 83602cfc-0920-3f2f-947b-e3b70e7c536f
|t 0
|
| 952 |
f |
f |
|p normal
|a Texas A&M University
|b College Station
|c Sterling C. Evans Library
|d Evans: US Documents (Annex 5th floor)
|t 0
|e ED 1.302:M 32/999
|h Superintendent of Documents classification
|i unmediated -- volume
|m A14825518635
|
| 998 |
f |
f |
|a ED 1.302:M 32/999
|t 0
|l Evans: US Documents (Annex 5th floor)
|